| 000 | 00483nam a22001697a 4500 | ||
|---|---|---|---|
| 003 | CEME | ||
| 005 | 20210628210437.0 | ||
| 008 | 210208b xxu||||| |||| 00| 0 eng d | ||
| 040 | _c. | ||
| 082 | _a297.7 USM | ||
| 100 |
_aUsmani, Muhammad Taqi Muhammad Taqi Usmani _979390 |
||
| 245 | _aHumaray aylee masayal | ||
| 260 |
_aKARACHI _bDARA-UL-ISHAAT _c1995 |
||
| 300 | _a189P | ||
| 650 |
_aISLAM-TALAK ISLAM-NIKAH ISLAM-TADAD IZWAJ ISLAM-POTTAY KEY MIRAS _979433 |
||
| 942 |
_cBK _2ddc |
||
| 999 |
_c584473 _d584473 |
||